| 000 | 00682cam a2200217 a 4500 | ||
|---|---|---|---|
| 999 |
_c6752 _d6752 |
||
| 001 | 384 | ||
| 003 | BD-DhUAP | ||
| 005 | 20210106152758.0 | ||
| 008 | 200301s19711967ii abf b f000 0 eng | ||
| 020 | _a0435900382 | ||
| 040 |
_aBD-DhUAP _cBD-DhUAP _dBD-DhUAP _bEng |
||
| 082 |
_a954 ODI _223 |
||
| 100 | _aOdinga, Oginga. | ||
| 245 |
_aNot yet Uhuru : _bthe autobiography of Oginga Odinga / _cOginga Odinga ; foreword by Kwame Nkrumah. |
||
| 260 |
_aLondon : _bHeinemann, _cc1967 [Reprinted 1971]. |
||
| 300 |
_axv, 323 pages ; _c23 cm. |
||
| 500 | _aIncludes index. | ||
| 650 | _aPolitics and government. | ||
| 942 |
_2ddc _cBK |
||